Alas de mosca para Ángel /
Guardado en:
| Autor Principal: | |
|---|---|
| Otros Autores: | |
| Formato: | Libro |
| Publicado: |
Madrid :
Anaya,
1999.
|
| Series: | Sopa de libros ;
34 |
| Materias: | |
| Etiquetas: |
Agregar Etiqueta
Sin Etiquetas, Sea el primero en etiquetar este registro!
|
| LEADER | 00687nam a22002295a 4500 | ||
|---|---|---|---|
| 001 | CEM.cems019744 | ||
| 008 | 221017s1999####sp############000#0#####d | ||
| 005 | 20221017085750.0 | ||
| 245 | 1 | 0 | |a Alas de mosca para Ángel / |c Fina Casalderrey ; ilustrado por Manuel Uhía. |
| 260 | |a Madrid : |b Anaya, |c 1999. | ||
| 300 | |a 128 p. | ||
| 490 | 0 | |a Sopa de libros ; |v 34 | |
| 020 | |a 8420792357 | ||
| 100 | 1 | |a Casalderrey, Fina. | |
| 700 | 1 | |a Uhía, Manuel; il. | |
| 082 | 0 | 4 | |a 863.4 |
| 653 | |a Literatura | ||
| 653 | |a Literatura Española | ||
| 653 | |a Literatura infantil | ||
| 653 | |a Novela | ||
| 653 | |a Novelas infantiles | ||
| 859 | |a CEMS |b BIB. CEMS - Inicial y Primaria |h 863.4 |i C261 |k IP |p 863.4 |t Ej.1 | ||
